000 00461nam a2200181Ia 4500
008 240925s9999 xx 000 0 und d
020 _aNA
082 _a621.3815 STA
100 _aStauier , B. J
245 0 _aModern Electronics and Integrated circuit
250 _aNA
260 _aLos Angeles:
_bSAGE Publications
_c,1985.
300 _a0
_bNA
_fNA
500 _aIncludes Index
600 _aElectronic Engineering
650 _aTechnology
942 _cBK
999 _c3202
_d3202